000 00859nam a2200217Ia 4500
999 _c39397
_d39397
001 5986
003 GE_BSU
005 20191030113351.0
008 181216s2012||||ge |||||||||||||| ||geo||
040 _cGE_BSU
041 _ageo
080 _a94+39 ი-88
245 _aისტორიისა და ეთნოლოგიის ინსტიტუტი ივანე ჯავახიშვილის სახელობის შრომები :
_b2010/2011. N 10/11 /
_cმთ. რედ. ვაჟა კიკნაძე.
264 _aთბილისი,
_c2012.
300 _a463 გვ. ;
_b28 სმ.
653 _aშრომები
653 _aისტორია
653 _aეთნოლოგია
700 _a კიკნაძე, ვაჟა
_eრედაქტორი
_95091
942 _cBK
_2udc